Les Villes de la Sarthe en images - Statistiques

Statistiques générales
  • Ce quiz a été pris 102 fois
  • Le résultat moyen est 7 sur 18
Statistiques - réponses
Par images Hint Réponse % Correct
(L) M Le Mans
99%
(L) F La Flèche
82%
S Sablé-sur-Sarthe
68%
M Mamers
65%
(L) L Le Lude
63%
(L) F La Ferté-Bernard
55%
C Coulaines
35%
É Écommoy
32%
Y Yvré-l'Évèque
29%
F Fresnay-sur-Sarthe
26%
S Solesmes
23%
B Beaumont-sur-Sarthe
15%
C Château-du-Loir
13%
S Saint-Calais
13%
A Asnières-sur-Vègre
12%
B Bonnétable
10%
P Parigné-l'Évèque
10%
C Chérancé
1%
Aucun quiz correspondant
Distribution des résultats
% des personnes avec chaque résultat
Percentile par nombre de réponses
Votre historique - résultats
Vous n’avez pas pris ce quiz